00815nam a2200229Ia 4500003000900000008004100009020001800050040001600068080001300084100003200097245011400129250001200243260003300255300001400288650002800302650004100330650003000371650003200401942000700433999001700440952012800457IN-BaIIA211028s9999 xx 000 0 eng d a0-07-462210-2 cIIA Library a621bKRT aKrishnamurthy, C. S.927610 0aFinite element analysisbtheory and programmingcC. S. Krishnamurthy  a2nd ed. aNew DelhibMcGraw-Hillc1987 axvi,710p. aAnalys of shells927611 aAnalysis of Framed structures927612 aElement Properties927613 aStructural Mechanics927614 cBK c15121d15121 00104070aBANbHOScGENd2003-06-19eANJ g275.00l0o621/ KRTp16043r2021-11-05v275.00w2003-06-19yBKGRs. 275.00